Mitos, leyendas y cuentos peruanos / (Record no. 109543)

MARC details
000 -LEADER
campo de control de longitud fija 01195nam a2200313 4500
001 - NÚMERO DE CONTROL
campo de control 109543
003 - IDENTIFICADOR DE NÚMERO DE CONTROL
campo de control ES-MaACL
005 - FECHA Y HORA DE LA ÚLTIMA TRANSACCIÓN
campo de control 20230906184849.0
007 - CAMPO FIJO DE DESCRIPCIÓN FÍSICA--INFORMACIÓN GENERAL
campo de control de longitud fija t|
008 - DATOS DE LONGITUD FIJA--INFORMACIÓN GENERAL
campo de control de longitud fija 061121s1947 pe f r ||||1| spa d
080 ## - NÚMERO DE LA CLASIFICACIÓN DECIMAL UNIVERSAL
Número de la Clasificación Decimal Universal 398.2(85)
245 00 - MENCIÓN DEL TÍTULO
Título Mitos, leyendas y cuentos peruanos /
Mención de responsabilidad, etc. selección y notas de José María Arguedas y Francisco Izquierdo Ríos.
260 ## - PUBLICACIÓN, DISTRIBUCIÓN, ETC.
Lugar de publicación, distribución, etc. Lima :
Nombre del editor, distribuidor, etc. Ministerio de Educación Pública,
Fecha de publicación, distribución, etc. 1947.
300 ## - DESCRIPCIÓN FÍSICA
Extensión 331 p. ;
Dimensiones 22 cm (D-7432) ;.
300 ## - DESCRIPCIÓN FÍSICA
Extensión 331 p., [7] h. de lám. col. ;
Dimensiones 22 cm.
490 1# - MENCIÓN DE SERIE
Mención de serie Colección escolar peruana ;
Designación de volumen o secuencia 4
500 ## - NOTA GENERAL
Nota general Índices.
596 ## - NOTA AL PIE DE IMPRENTA
NOTA AL PIE DE IMPRENTA En port.: Ediciones de la Dirección de Educación Artística y Extensión Cultural.
597 ## - NOTA DE DESCRIPCIÓN FÍSICA
NOTA DE DESCRIPCIÓN FÍSICA El 1er. ejemp. descrito carece de las lám. citadas en el índice de la obra.
650 #4 - PUNTO DE ACCESO ADICIONAL DE MATERIA--TÉRMINO DE MATERIA
Término de materia o nombre geográfico como elemento de entrada Leyendas-
Subdivisión geográfica Perú.
9 (RLIN) 15115
650 #4 - PUNTO DE ACCESO ADICIONAL DE MATERIA--TÉRMINO DE MATERIA
Término de materia o nombre geográfico como elemento de entrada Cuentos populares-
Subdivisión geográfica Perú.
9 (RLIN) 143276
700 1# - ENTRADA AGREGADA--NOMBRE PERSONAL
Nombre de persona Arguedas, José María.
9 (RLIN) 22708
700 1# - ENTRADA AGREGADA--NOMBRE PERSONAL
Nombre de persona Izquierdo Ríos, Francisco.
9 (RLIN) 65742
710 1# - ENTRADA AGREGADA--NOMBRE DE ENTIDAD CORPORATIVA
Nombre de entidad corporativa o nombre de jurisdicción como elemento de entrada Perú.
Unidad subordinada Ministerio de Educación Pública.
9 (RLIN) 6214
830 0# - PUNTO DE ACCESO ADICIONAL DE SERIE-TÍTULO UNIFORME
Título uniforme Colección escolar peruana ;
Designación de volumen o secuencia 4
9 (RLIN) 192218
852 ## - LOCALIZACIÓN
Ubicación ES-MaACL
Número de control de estantería D-7432
852 ## - LOCALIZACIÓN
Ubicación ES-MaACL
Número de control de estantería C-8751
Holdings
Estatus retirado Estado de pérdida Estado de daño No para préstamo Biblioteca de origen Biblioteca actual Ubicación en estantería Fecha de adquisición Fuente de adquisición Total de préstamos Signatura topográfica completa Código de barras Visto por última vez Precio de reemplazo Tipo de ítem Koha
        Biblioteca del Ateneo de Madrid Biblioteca del Ateneo de Madrid Sala Palomar 17/01/2008     C-8751 1114296 23/02/2023 23/02/2023 Libro impreso
        Biblioteca del Ateneo de Madrid Biblioteca del Ateneo de Madrid Sala Valle Inclán 17/01/2008     D-7432 901114295 23/02/2023 23/02/2023 Libro impreso